Advanced stories for reproduction 1

Training students to reproduce material they have listened to or read, this book contains short anecdotes, followed by a set of comprehension questions on the passage. It also includes a complete wordlist at the back.

Đã lưu trong:
書目詳細資料
主要作者: Hill, L. A.
格式: 圖書
語言:Undetermined
出版: Oxford Oxford Univ. Press 1965
主題:
標簽: 添加標簽
沒有標簽, 成為第一個標記此記錄!
Thư viện lưu trữ: Trung tâm Học liệu Trường Đại học Cần Thơ
LEADER 00789nam a2200205Ia 4500
001 CTU_239218
008 210402s9999 xx 000 0 und d
082 |a 428.24 
082 |b H645 
100 |a Hill, L. A. 
245 0 |a Advanced stories for reproduction 1 
245 0 |c L. A. Hill 
260 |a Oxford 
260 |b Oxford Univ. Press 
260 |c 1965 
520 |a Training students to reproduce material they have listened to or read, this book contains short anecdotes, followed by a set of comprehension questions on the passage. It also includes a complete wordlist at the back. 
650 |a Tiếng Anh,English language 
650 |x Kỳ thi, câu hỏi,vv,Examinations, questions, etc. 
910 |b nthai 
980 |a Trung tâm Học liệu Trường Đại học Cần Thơ